Artvin ili raporu (Record no. 8807)

MARC details
000 -BAŞLIK
Sabit Uzunlukta Kontrol Alanı 01015na a2200289 4500
001 - KONTROL NUMARASI
Denetim Alanı 16329
003 - KONTROL NUMARASI IDENTIFIER
Denetim Alanı MIRAKIL
005 - SON İŞLEM TARİHİ VE ZAMANI
Denetim Alanı 20181213155225.0
008 - SABİT-BOY VERİ ELEMANLARI - GENEL BİLGİLER
Sabit Uzunlukta Kontrol Alanı 161003b tu 000 0
035 ## - SİSTEM KONTROL NUMARASI
Sistem Kontrol Numarası 16329
040 ## - KATALOGLAMA KAYNAK
Orijinal Kataloglama Ajansı Milas
Kataloglama Dili tur
Metne Dönüştürmek Ajansı TR-AnCHP
041 ## - DİL KODU
Metin / Ses Parça Veya Ayrı Başlığın Dil Kodu tur
082 ## - DEWEY ONLU SINIFLANDIRMA NUMARASI
Sınıflandırma Numarası 330.956327021
Ürün Numarası K84a 2000
090 ## - SINIFLAMA NUMARASI
Sınıflama Numarası 330.956327021 K84a 2000
100 ## - ANA GİRİŞ - KİŞİSEL İSİM
Kişisel Ad Kulhan, Ethem
245 ## - BAŞLIK TABLOSU
Başlık Artvin ili raporu
Sorumluluk Tablosu, Vb Ethem Kulhan, Ahmet Hacıömeroğlu
260 ## - YAYIN, DAĞITIM, VB
Yayın, Dağıtım, Vb Yeri Ankara
Yayıncı, Dağıtıcı, Vs Adı Devlet Planlama Teşkilatı (DPT)
Yayın, Dağıtım, Vb Tarihi 2000
300 ## - FİZİKSEL TANIM
Kapsam 58 s.
Diğer Fiziksel Ayrıntıları tbl.
Boyutlar 27 sm.
490 ## - SERİSİ TABLOSU
Seri Beyanı Devlet Planlama Teşkilatı (DPT)
Hacim / Ardışık Tanımı 2499
500 ## - GENEL NOT
Genel Not Kitapların sırt etiketinde bulunan cilt numaraları o ilin plaka kodunu göstermektedir.
650 ## - KONU KATMA GİRİŞ - TOPİKAL DÖNEM
Topikal Süreli Veya Coğrafi Ad Giriş Elemanı Sosyo ekonomik göstergeler
Kronolojik Alt Bölümü İstatistikler
Coğrafi Alt Bölümü Artvin
650 ## - KONU KATMA GİRİŞ - TOPİKAL DÖNEM
Topikal Süreli Veya Coğrafi Ad Giriş Elemanı Sosyo ekonomik göstergeler
Genel Alt Bölümü İller
Kronolojik Alt Bölümü İstatistikler
Coğrafi Alt Bölümü Türkiye
651 ## - KONU KATMA GİRİŞ - COĞRAFİ ADI
Coğrafi İsim Artvin
Genel Alt Bölümü Ekonomik durum
Kronolojik Alt Bölümü İstatistikler
651 ## - KONU KATMA GİRİŞ - COĞRAFİ ADI
Coğrafi İsim Artvin
Genel Alt Bölümü Sosyal durum
Kronolojik Alt Bölümü İstatistikler
700 ## - KATMA GİRİŞ - KİŞİSEL İSİM
Kişisel Ad Hacıömeroğlu, Ahmet
942 ## - EKLENDİ GİRİŞ ELEMANLARI (KOHA)
Sınıflandırma Veya Raf Düzeni Kaynak Dewey Decimal Classification
Koha Öğesi Türü Books
999 ## - SİSTEM KONTROL NUMARALARI (KOHA)
Koha Biblionumber 8807
Koha Biblioitemnumber 8807
Holdings
Kalıcı Konum Mevcut Konum Edinme Tarihi Edinim Kaynak Toplam Check-Out'Lar Tam Çağrı Numarası Barkod Tarih Son Görülme İtibaren Geçerli Fiyatlar Koha Öğesi Türü
CHP Kütüphanesi CHP Kütüphanesi 10/03/2016 Bağış   330.956327021 K84a 2000 005187 10/03/2016 10/03/2016 Books